[Event "Blitz 2018"]
[Site "Saint-Petersburg"]
[Date "2018.12.30"]
[Round "18"]
[Board "37"]
[White "Kevlishvili Robby (NED)"]
[Black "Oparin Grigoriy (RUS)"]
[Result "0-1"]
[LiveChessVersion "1.4.8"]
[BlackElo "2641"]
[WhiteElo "2530"]

1. e4 {[%clk 0:03:02]} c6 {[%clk 0:03:03]} 2. d4 {[%clk 0:03:02]} d5
{[%clk 0:03:04]} 3. exd5 {[%clk 0:02:59]} cxd5 {[%clk 0:03:05]} 4. Bd3
{[%clk 0:02:59]} Nf6 {[%clk 0:03:06]} 5. c3 {[%clk 0:02:57]} Nc6 {[%clk 0:03:06]}
6. h3 {[%clk 0:02:54]} g6 {[%clk 0:03:07]} 7. Nf3 {[%clk 0:02:53]} Bf5
{[%clk 0:03:08]} 8. O-O {[%clk 0:02:45]} Qc7 {[%clk 0:03:09]} 9. Re1
{[%clk 0:02:43]} Bxd3 {[%clk 0:03:09]} 10. Qxd3 {[%clk 0:02:44]} e6
{[%clk 0:03:10]} 11. Nbd2 {[%clk 0:02:39]} Bg7 {[%clk 0:03:11]} 12. Nf1
{[%clk 0:02:36]} O-O {[%clk 0:03:11]} 13. Ng3 {[%clk 0:02:36]} a6
{[%clk 0:03:11]} 14. a4 {[%clk 0:02:36]} Rab8 {[%clk 0:03:05]} 15. Ne2
{[%clk 0:02:31]} Rbe8 {[%clk 0:02:52]} 16. Bf4 {[%clk 0:02:31]} Qd8
{[%clk 0:02:51]} 17. Nd2 {[%clk 0:02:20]} Nd7 {[%clk 0:02:12]} 18. Bd6
{[%clk 0:02:10]} Ne7 {[%clk 0:02:13]} 19. Qc2 {[%clk 0:02:03]} Nb8
{[%clk 0:02:07]} 20. Bh2 {[%clk 0:02:00]} Nbc6 {[%clk 0:02:08]} 21. Nf4
{[%clk 0:01:55]} Qc8 {[%clk 0:02:02]} 22. Qb3 {[%clk 0:01:50]} Bh6
{[%clk 0:01:48]} 23. Nf3 {[%clk 0:01:39]} Na5 {[%clk 0:01:49]} 24. Qc2
{[%clk 0:01:37]} Nc4 {[%clk 0:01:46]} 25. Nd3 {[%clk 0:01:37]} Nf5
{[%clk 0:01:42]} 26. Nfe5 {[%clk 0:01:34]} Nxe5 {[%clk 0:01:37]} 27. dxe5
{[%clk 0:01:24]} Qc4 {[%clk 0:01:25]} 28. a5 {[%clk 0:01:10]} Rc8
{[%clk 0:01:06]} 29. Qd1 {[%clk 0:01:04]} Rfd8 {[%clk 0:01:04]} 30. Ra4
{[%clk 0:00:41]} Qc6 {[%clk 0:01:05]} 31. Rb4 {[%clk 0:00:39]} Bf8
{[%clk 0:01:03]} 32. Rb6 {[%clk 0:00:37]} Qc7 {[%clk 0:01:03]} 33. Qb3
{[%clk 0:00:35]} Rb8 {[%clk 0:00:56]} 34. Bf4 {[%clk 0:00:34]} h6
{[%clk 0:00:55]} 35. Qd1 {[%clk 0:00:21]} d4 {[%clk 0:00:53]} 36. Qc2
{[%clk 0:00:14]} dxc3 {[%clk 0:00:53]} 37. bxc3 {[%clk 0:00:16]} Rd5
{[%clk 0:00:48]} 38. Reb1 {[%clk 0:00:13]} Rxa5 {[%clk 0:00:48]} 39. Ne1
{[%clk 0:00:11]} Rc5 {[%clk 0:00:45]} 40. Qd2 {[%clk 0:00:08]} g5
{[%clk 0:00:40]} 41. Be3 {[%clk 0:00:05]} Nxe3 {[%clk 0:00:39]} 42. Qxe3
{[%clk 0:00:07]} Rxe5 {[%clk 0:00:38]} 43. Qf3 {[%clk 0:00:07]} Bg7
{[%clk 0:00:35]} 44. Nd3 {[%clk 0:00:07]} Rf5 {[%clk 0:00:36]} 45. Qe4
{[%clk 0:00:08]} Rd5 {[%clk 0:00:34]} 46. R6b3 {[%clk 0:00:05]} b5
{[%clk 0:00:33]} 47. c4 {[%clk 0:00:06]} Rd4 {[%clk 0:00:33]} 48. Qe3
{[%clk 0:00:07]} Rxc4 {[%clk 0:00:33]} 49. Nb4 {[%clk 0:00:07]} Qb6
{[%clk 0:00:33]} 50. Qd3 {[%clk 0:00:08]} Rd8 {[%clk 0:00:34]} 51. Qe2
{[%clk 0:00:09]} a5 {[%clk 0:00:33]} 52. Nd3 {[%clk 0:00:10]} b4 {[%clk 0:00:34]}
53. Ne5 {[%clk 0:00:09]} Rcd4 {[%clk 0:00:32]} 54. Ng4 {[%clk 0:00:09]} a4
{[%clk 0:00:30]} 55. Rf3 {[%clk 0:00:08]} b3 {[%clk 0:00:31]} 56. Ne3
{[%clk 0:00:08]} Qd6 {[%clk 0:00:30]} 57. Qb5 {[%clk 0:00:08]} Qd7
{[%clk 0:00:31]} 58. Qa5 {[%clk 0:00:09]} Rd3 {[%clk 0:00:30]} 59. h4
{[%clk 0:00:09]} g4 {[%clk 0:00:29]} 60. Rg3 {[%clk 0:00:10]} f5 {[%clk 0:00:30]}
61. Rc1 {[%clk 0:00:05]} b2 62. Rb1 a3 {[%clk 0:00:31]} 63. Nxf5 {[%clk 0:00:07]}
exf5 {[%clk 0:00:32]} 0-1

[Event "Blitz 2018"]
[Site "Saint-Petersburg"]
[Date "2018.12.30"]
[Round "18"]
[Board "38"]
[White "Popov Ivan (RUS)"]
[Black "Savchenko Boris (RUS)"]
[Result "1-0"]
[LiveChessVersion "1.4.8"]
[BlackElo "2639"]
[WhiteElo "2560"]

1. e4 {[%clk 0:03:03]} e6 {[%clk 0:03:03]} 2. d4 {[%clk 0:03:05]} d5
{[%clk 0:03:04]} 3. Nc3 {[%clk 0:03:06]} Bb4 {[%clk 0:03:05]} 4. exd5
{[%clk 0:03:07]} exd5 {[%clk 0:03:05]} 5. Bd3 {[%clk 0:03:08]} Ne7
{[%clk 0:03:06]} 6. Qh5 {[%clk 0:03:07]} Nd7 {[%clk 0:03:04]} 7. Bg5
{[%clk 0:02:55]} c5 {[%clk 0:03:00]} 8. Nf3 {[%clk 0:02:22]} c4 {[%clk 0:02:55]}
9. Be2 {[%clk 0:02:20]} Nf8 {[%clk 0:02:43]} 10. O-O {[%clk 0:02:17]} Bxc3
{[%clk 0:02:30]} 11. bxc3 {[%clk 0:02:17]} h6 {[%clk 0:02:26]} 12. Bxe7
{[%clk 0:02:15]} Kxe7 {[%clk 0:02:27]} 13. Ne5 {[%clk 0:02:12]} g6
{[%clk 0:02:17]} 14. Qh4+ {[%clk 0:02:04]} f6 {[%clk 0:02:16]} 15. f4
{[%clk 0:01:53]} Be6 {[%clk 0:01:45]} 16. Rae1 {[%clk 0:01:39]} g5
{[%clk 0:01:43]} 17. fxg5 {[%clk 0:01:38]} fxe5 {[%clk 0:01:43]} 18. g6+
{[%clk 0:01:12]} Kd7 {[%clk 0:01:26]} 19. g7 {[%clk 0:01:12]} Rg8
{[%clk 0:01:26]} 20. Qxh6 {[%clk 0:01:10]} Qe7 {[%clk 0:01:20]} 21. gxf8=Q
{[%clk 0:01:05]} Rc8 22. Qxg8 Rxg8 {[%clk 0:01:20]} 23. dxe5 {[%clk 0:00:49]} Bf5
{[%clk 0:01:04]} 24. Bf3 {[%clk 0:00:44]} Bxc2 {[%clk 0:00:53]} 25. Qe3 Kc6 26.
Rf2 {[%clk 0:00:07]} Bd3 {[%clk 0:00:51]} 27. e6 {[%clk 0:00:08]} Rg5
{[%clk 0:00:36]} 28. Qxa7 {[%clk 0:00:09]} Qc5 {[%clk 0:00:24]} 29. Qxc5+
{[%clk 0:00:10]} Kxc5 {[%clk 0:00:25]} 30. h4 {[%clk 0:00:10]} Rg7
{[%clk 0:00:25]} 31. Bh5 {[%clk 0:00:09]} Be4 {[%clk 0:00:26]} 1-0

[Event "Blitz 2018"]
[Site "Saint-Petersburg"]
[Date "2018.12.30"]
[Round "18"]
[Board "39"]
[White "Mikhalevski Victor (ISR)"]
[Black "Riazantsev Alexander (RUS)"]
[Result "1-0"]
[LiveChessVersion "1.4.8"]
[BlackElo "2633"]
[WhiteElo "2521"]

1. Nf3 {[%clk 0:03:03]} d5 {[%clk 0:03:02]} 2. g3 {[%clk 0:03:04]} Nd7
{[%clk 0:03:01]} 3. d4 {[%clk 0:03:02]} b5 {[%clk 0:03:02]} 4. Bg2
{[%clk 0:02:53]} Ngf6 {[%clk 0:03:03]} 5. a4 {[%clk 0:02:51]} b4 {[%clk 0:03:03]}
6. c4 {[%clk 0:02:52]} bxc3 {[%clk 0:03:03]} 7. Nxc3 {[%clk 0:02:49]} e6
{[%clk 0:03:03]} 8. O-O {[%clk 0:02:45]} Bb7 {[%clk 0:02:37]} 9. Bf4
{[%clk 0:02:35]} a6 {[%clk 0:02:13]} 10. Rc1 {[%clk 0:02:22]} Be7
{[%clk 0:02:12]} 11. b4 {[%clk 0:02:05]} Bxb4 {[%clk 0:01:51]} 12. Qb3
{[%clk 0:02:04]} a5 {[%clk 0:01:47]} 13. Nb5 {[%clk 0:02:03]} O-O
{[%clk 0:01:46]} 14. Rxc7 {[%clk 0:01:53]} Ba6 {[%clk 0:01:45]} 15. Rfc1
{[%clk 0:01:52]} Nb6 {[%clk 0:01:39]} 16. Ne5 {[%clk 0:01:40]} Bxb5
{[%clk 0:01:15]} 17. axb5 {[%clk 0:01:39]} Nh5 {[%clk 0:01:16]} 18. Nc6
{[%clk 0:01:28]} Nxf4 {[%clk 0:01:14]} 19. Nxd8 {[%clk 0:01:19]} Nxe2+
{[%clk 0:01:15]} 20. Kf1 {[%clk 0:01:18]} Nxc1 {[%clk 0:01:16]} 21. Rxc1
{[%clk 0:01:11]} Rfxd8 {[%clk 0:01:17]} 22. Rc6 {[%clk 0:01:06]} Rdb8
{[%clk 0:01:18]} 23. f4 {[%clk 0:01:03]} Bf8 {[%clk 0:01:12]} 24. f5
{[%clk 0:00:57]} a4 {[%clk 0:01:13]} 25. Qa2 {[%clk 0:00:57]} exf5
{[%clk 0:01:12]} 26. Bxd5 {[%clk 0:00:35]} Ra7 {[%clk 0:00:59]} 27. Bxf7+
{[%clk 0:00:26]} Kh8 {[%clk 0:00:57]} 28. Be6 {[%clk 0:00:21]} a3
{[%clk 0:00:56]} 29. d5 {[%clk 0:00:22]} Nd7 {[%clk 0:00:33]} 30. d6
{[%clk 0:00:11]} Rxb5 {[%clk 0:00:30]} 31. Rc8 {[%clk 0:00:12]} Rb2
{[%clk 0:00:25]} 32. Bxd7 {[%clk 0:00:12]} 1-0

[Event "Blitz 2018"]
[Site "Saint-Petersburg"]
[Date "2018.12.30"]
[Round "18"]
[Board "40"]
[White "Paravyan David (RUS)"]
[Black "Gordievsky Dmitry (RUS)"]
[Result "1/2-1/2"]
[LiveChessVersion "1.4.8"]
[BlackElo "2591"]
[WhiteElo "2629"]

1. e4 {[%clk 0:03:03]} c5 {[%clk 0:03:03]} 2. Nf3 {[%clk 0:03:03]} e6
{[%clk 0:03:05]} 3. d4 {[%clk 0:03:02]} cxd4 {[%clk 0:03:06]} 4. Nxd4
{[%clk 0:03:03]} a6 {[%clk 0:03:07]} 5. g3 {[%clk 0:02:53]} Nf6 {[%clk 0:02:57]}
6. Bg2 {[%clk 0:02:53]} Qc7 {[%clk 0:02:56]} 7. O-O {[%clk 0:02:53]} Nc6
{[%clk 0:02:57]} 8. c4 {[%clk 0:02:50]} Bc5 {[%clk 0:02:45]} 9. Be3
{[%clk 0:02:46]} Nxd4 {[%clk 0:02:33]} 10. Bxd4 {[%clk 0:02:47]} e5
{[%clk 0:02:24]} 11. Bxc5 {[%clk 0:02:46]} Qxc5 {[%clk 0:02:25]} 12. Nc3
{[%clk 0:02:44]} d6 {[%clk 0:02:23]} 13. Qd3 {[%clk 0:02:37]} Be6
{[%clk 0:02:21]} 14. b3 {[%clk 0:02:28]} O-O {[%clk 0:02:20]} 15. Rfd1
{[%clk 0:02:24]} Rfd8 {[%clk 0:02:21]} 16. Rac1 {[%clk 0:02:25]} Rac8
{[%clk 0:02:20]} 17. Bf3 {[%clk 0:02:21]} Qa3 {[%clk 0:02:07]} 18. Kg2
{[%clk 0:02:17]} g6 {[%clk 0:01:48]} 19. Rc2 {[%clk 0:02:08]} Kg7
{[%clk 0:01:47]} 20. Rcd2 {[%clk 0:02:07]} Qb4 {[%clk 0:01:40]} 21. Rc2
{[%clk 0:01:39]} Rc6 {[%clk 0:01:41]} 22. Nd5 {[%clk 0:01:34]} Bxd5
{[%clk 0:01:38]} 23. cxd5 {[%clk 0:01:34]} Rc5 {[%clk 0:01:37]} 24. Rdc1
{[%clk 0:01:28]} Rdc8 {[%clk 0:01:37]} 25. Rxc5 {[%clk 0:01:24]} Rxc5
{[%clk 0:01:38]} 26. Rc2 {[%clk 0:01:22]} h5 {[%clk 0:01:29]} 27. h4
{[%clk 0:01:15]} Nd7 {[%clk 0:01:30]} 28. Rxc5 {[%clk 0:01:10]} Qxc5
{[%clk 0:01:19]} 29. Qd2 {[%clk 0:01:09]} Nf6 {[%clk 0:01:12]} 30. Kf1
{[%clk 0:00:59]} a5 {[%clk 0:01:04]} 31. Ke2 {[%clk 0:00:58]} b6 {[%clk 0:00:56]}
32. Qe3 {[%clk 0:00:48]} Qc2+ {[%clk 0:00:36]} 33. Kf1 {[%clk 0:00:49]} Qxa2
{[%clk 0:00:23]} 34. Qxb6 {[%clk 0:00:49]} Qb1+ {[%clk 0:00:23]} 35. Kg2
{[%clk 0:00:46]} Nxe4 {[%clk 0:00:24]} 36. Qxa5 {[%clk 0:00:40]} Nc5
{[%clk 0:00:20]} 37. Qd2 {[%clk 0:00:15]} Nxb3 {[%clk 0:00:13]} 38. Qe3
{[%clk 0:00:16]} Nd4 {[%clk 0:00:12]} 39. Be4 {[%clk 0:00:16]} Qb2
{[%clk 0:00:11]} 40. Qd3 {[%clk 0:00:08]} Qe2 {[%clk 0:00:11]} 41. Qe3
{[%clk 0:00:07]} Qxe3 {[%clk 0:00:09]} 42. fxe3 {[%clk 0:00:08]} Nb5
{[%clk 0:00:09]} 43. Bd3 {[%clk 0:00:07]} Nc3 {[%clk 0:00:08]} 44. e4
{[%clk 0:00:07]} Na4 {[%clk 0:00:08]} 45. Kf3 {[%clk 0:00:07]} Nc5
{[%clk 0:00:09]} 46. Bc2 {[%clk 0:00:09]} Kf6 {[%clk 0:00:08]} 47. g4
{[%clk 0:00:04]} hxg4+ {[%clk 0:00:09]} 48. Kxg4 {[%clk 0:00:06]} Kg7
{[%clk 0:00:08]} 49. h5 {[%clk 0:00:07]} Kh6 {[%clk 0:00:07]} 50. hxg6
{[%clk 0:00:07]} fxg6 {[%clk 0:00:08]} 51. Kh4 {[%clk 0:00:05]} Nd7
{[%clk 0:00:09]} 52. Kg4 {[%clk 0:00:06]} Nf6+ {[%clk 0:00:11]} 53. Kh4
{[%clk 0:00:04]} g5+ {[%clk 0:00:12]} 54. Kg3 {[%clk 0:00:05]} Kh5
{[%clk 0:00:12]} 55. Bd1+ {[%clk 0:00:00]} 1/2-1/2

[Event "Blitz 2018"]
[Site "Saint-Petersburg"]
[Date "2018.12.30"]
[Round "18"]
[Board "41"]
[White "Nozdrachev Vladislav (RUS)"]
[Black "Sarana Alexey (RUS)"]
[Result "0-1"]
[LiveChessVersion "1.4.8"]
[BlackElo "2616"]
[WhiteElo "2521"]

1. e4 {[%clk 0:03:02]} c5 {[%clk 0:03:02]} 2. Nf3 {[%clk 0:03:02]} d6
{[%clk 0:03:03]} 3. d4 {[%clk 0:03:03]} cxd4 {[%clk 0:03:04]} 4. Nxd4
{[%clk 0:03:03]} Nf6 {[%clk 0:03:05]} 5. Nc3 {[%clk 0:03:04]} a6 {[%clk 0:03:06]}
6. h3 {[%clk 0:03:04]} e5 {[%clk 0:03:07]} 7. Nb3 {[%clk 0:03:01]} b5
{[%clk 0:03:08]} 8. g4 {[%clk 0:02:54]} b4 {[%clk 0:03:07]} 9. Nd5
{[%clk 0:02:55]} Nxd5 {[%clk 0:03:07]} 10. Qxd5 {[%clk 0:02:45]} Ra7
{[%clk 0:03:08]} 11. Bg2 {[%clk 0:02:43]} Be7 {[%clk 0:03:09]} 12. O-O
{[%clk 0:02:41]} O-O {[%clk 0:03:09]} 13. a3 {[%clk 0:02:37]} Be6
{[%clk 0:03:09]} 14. Qd1 {[%clk 0:02:33]} Nc6 {[%clk 0:03:00]} 15. Be3
{[%clk 0:02:30]} Ra8 {[%clk 0:02:59]} 16. axb4 {[%clk 0:02:28]} Nxb4
{[%clk 0:03:00]} 17. Na5 {[%clk 0:02:28]} Qc7 {[%clk 0:02:57]} 18. c3
{[%clk 0:02:24]} Nc6 {[%clk 0:02:58]} 19. Nxc6 {[%clk 0:02:21]} Qxc6
{[%clk 0:02:59]} 20. Qd2 {[%clk 0:02:20]} a5 {[%clk 0:02:59]} 21. f4
{[%clk 0:02:20]} f6 {[%clk 0:02:53]} 22. Rf2 {[%clk 0:02:18]} Rfb8
{[%clk 0:02:52]} 23. g5 {[%clk 0:02:13]} a4 {[%clk 0:02:52]} 24. f5
{[%clk 0:02:09]} Bf7 {[%clk 0:02:53]} 25. h4 {[%clk 0:02:09]} a3 {[%clk 0:02:43]}
26. Rxa3 {[%clk 0:02:00]} Rxa3 {[%clk 0:02:43]} 27. bxa3 {[%clk 0:02:01]} Rb3
{[%clk 0:02:43]} 28. Rf1 {[%clk 0:01:13]} Rxa3 {[%clk 0:02:27]} 29. Rb1
{[%clk 0:01:14]} Qc7 {[%clk 0:02:01]} 30. c4 {[%clk 0:00:49]} d5 {[%clk 0:01:42]}
31. gxf6 {[%clk 0:00:36]} gxf6 {[%clk 0:01:36]} 32. Bh6 {[%clk 0:00:34]} dxc4
{[%clk 0:00:27]} 33. Qe2 {[%clk 0:00:35]} Kh8 {[%clk 0:00:27]} 34. Qg4
{[%clk 0:00:35]} Bc5+ {[%clk 0:00:26]} 35. Kh2 {[%clk 0:00:34]} Bg8
{[%clk 0:00:23]} 36. Rb8 {[%clk 0:00:34]} Qf7 {[%clk 0:00:25]} 37. Bf1
{[%clk 0:00:27]} Ra2+ {[%clk 0:00:20]} 38. Kh3 {[%clk 0:00:27]} Ra3+
{[%clk 0:00:20]} 39. Kh2 {[%clk 0:00:26]} Ra2+ {[%clk 0:00:21]} 40. Kh3
{[%clk 0:00:20]} Ra4 {[%clk 0:00:21]} 41. Rc8 {[%clk 0:00:19]} Ra3+
{[%clk 0:00:19]} 42. Kh2 {[%clk 0:00:18]} Ra2+ {[%clk 0:00:21]} 43. Bg2
{[%clk 0:00:16]} Bf2 {[%clk 0:00:10]} 44. Rxc4 {[%clk 0:00:15]} Ra3
{[%clk 0:00:08]} 45. Rc1 {[%clk 0:00:09]} Bg3+ {[%clk 0:00:09]} 46. Kh1
{[%clk 0:00:11]} Qe7 {[%clk 0:00:05]} 47. Bf1 {[%clk 0:00:09]} Bf4
{[%clk 0:00:05]} 48. Bxf4 {[%clk 0:00:07]} exf4 {[%clk 0:00:06]} 49. Qxf4
{[%clk 0:00:08]} Qg7 {[%clk 0:00:06]} 50. Bg2 {[%clk 0:00:08]} Rg3
{[%clk 0:00:06]} 51. Rg1 {[%clk 0:00:08]} Rg4 {[%clk 0:00:07]} 52. Qf2
{[%clk 0:00:07]} Qh6 {[%clk 0:00:08]} 53. Bh3 {[%clk 0:00:04]} Rxh4
{[%clk 0:00:09]} 54. Rxg8+ {[%clk 0:00:05]} Kxg8 {[%clk 0:00:10]} 55. Qg3+
{[%clk 0:00:06]} Kh8 {[%clk 0:00:10]} 56. Qb8+ {[%clk 0:00:07]} Kg7
{[%clk 0:00:11]} 57. Qc7+ {[%clk 0:00:08]} Kg8 {[%clk 0:00:12]} 58. Qg3+
{[%clk 0:00:08]} Qg5 {[%clk 0:00:12]} 59. Qxg5+ {[%clk 0:00:07]} fxg5
{[%clk 0:00:14]} 0-1

[Event "Blitz 2018"]
[Site "Saint-Petersburg"]
[Date "2018.12.30"]
[Round "18"]
[Board "42"]
[White "Rakhmanov Aleksandr (RUS)"]
[Black "Fridman Daniel (GER)"]
[Result "1/2-1/2"]
[LiveChessVersion "1.4.8"]
[BlackElo "2530"]
[WhiteElo "2615"]

1. c4 {[%clk 0:03:03]} e6 {[%clk 0:03:03]} 2. e4 {[%clk 0:03:04]} c5
{[%clk 0:03:00]} 3. Nc3 {[%clk 0:03:05]} Nc6 {[%clk 0:03:00]} 4. Nf3
{[%clk 0:03:05]} g6 {[%clk 0:03:02]} 5. d4 {[%clk 0:03:06]} cxd4 {[%clk 0:03:02]}
6. Nxd4 {[%clk 0:03:06]} a6 {[%clk 0:03:03]} 7. Be3 {[%clk 0:03:04]} Nge7
{[%clk 0:03:04]} 8. g3 {[%clk 0:03:02]} Bg7 {[%clk 0:03:04]} 9. Bg2
{[%clk 0:03:03]} O-O {[%clk 0:03:05]} 10. O-O {[%clk 0:03:03]} d6
{[%clk 0:03:05]} 11. Rc1 {[%clk 0:03:00]} Rb8 {[%clk 0:03:00]} 12. h3
{[%clk 0:02:59]} Bd7 {[%clk 0:02:28]} 13. Nb3 {[%clk 0:02:45]} Qc7
{[%clk 0:02:26]} 14. c5 {[%clk 0:02:41]} dxc5 {[%clk 0:02:20]} 15. Bxc5
{[%clk 0:02:42]} Rbd8 {[%clk 0:02:17]} 16. Na4 {[%clk 0:02:09]} Be8
{[%clk 0:01:24]} 17. Qe2 {[%clk 0:02:10]} Qb8 {[%clk 0:01:20]} 18. Bb6
{[%clk 0:01:51]} Rc8 {[%clk 0:01:19]} 19. Nac5 {[%clk 0:01:29]} e5
{[%clk 0:00:58]} 20. Rfd1 {[%clk 0:01:27]} Nd4 {[%clk 0:00:59]} 21. Nxd4
{[%clk 0:01:26]} exd4 {[%clk 0:01:00]} 22. Nb3 {[%clk 0:01:14]} Bb5
{[%clk 0:01:01]} 23. Qd2 {[%clk 0:01:09]} Rxc1 {[%clk 0:00:49]} 24. Rxc1
{[%clk 0:01:10]} Nc6 {[%clk 0:00:48]} 25. Nc5 {[%clk 0:00:51]} Ne5
{[%clk 0:00:35]} 26. b3 {[%clk 0:00:42]} Qd6 {[%clk 0:00:37]} 27. a4
{[%clk 0:00:24]} Qxb6 {[%clk 0:00:37]} 28. axb5 {[%clk 0:00:25]} Qxb5
{[%clk 0:00:35]} 29. f4 {[%clk 0:00:26]} Rc8 {[%clk 0:00:32]} 30. b4
{[%clk 0:00:13]} Nc4 {[%clk 0:00:33]} 31. Qd3 {[%clk 0:00:13]} Ne3
{[%clk 0:00:30]} 32. Qxb5 {[%clk 0:00:13]} axb5 {[%clk 0:00:31]} 33. e5
{[%clk 0:00:14]} b6 {[%clk 0:00:27]} 34. Nd3 {[%clk 0:00:09]} Rc4
{[%clk 0:00:27]} 35. Be4 {[%clk 0:00:08]} Bf8 {[%clk 0:00:28]} 36. Ra1
{[%clk 0:00:09]} Rc7 {[%clk 0:00:19]} 37. g4 {[%clk 0:00:09]} Kg7
{[%clk 0:00:20]} 38. Kf2 {[%clk 0:00:10]} Rc2+ {[%clk 0:00:16]} 39. Kf3
{[%clk 0:00:12]} Rc7 {[%clk 0:00:15]} 40. f5 {[%clk 0:00:13]} gxf5
{[%clk 0:00:15]} 41. gxf5 {[%clk 0:00:14]} Kh6 {[%clk 0:00:15]} 42. f6
{[%clk 0:00:15]} Nc4 {[%clk 0:00:12]} 43. Ke2 {[%clk 0:00:15]} Rc8
{[%clk 0:00:12]} 44. Ra7 {[%clk 0:00:07]} Re8 {[%clk 0:00:13]} 45. Rxf7
{[%clk 0:00:08]} Nxe5 {[%clk 0:00:14]} 46. Rxh7+ {[%clk 0:00:09]} Kg5
{[%clk 0:00:16]} 47. Nxe5 {[%clk 0:00:06]} Rxe5 {[%clk 0:00:17]} 48. Kd3
{[%clk 0:00:07]} Kxf6 {[%clk 0:00:18]} 49. Kxd4 {[%clk 0:00:07]} Re8
{[%clk 0:00:14]} 50. Rb7 {[%clk 0:00:06]} Bxb4 {[%clk 0:00:13]} 51. Rxb6+
{[%clk 0:00:07]} Kg7 {[%clk 0:00:14]} 52. Rxb5 {[%clk 0:00:08]} Be7
{[%clk 0:00:15]} 53. Rb7 {[%clk 0:00:07]} Kf8 {[%clk 0:00:15]} 54. Bd5
{[%clk 0:00:06]} Bf6+ {[%clk 0:00:15]} 55. Kc4 {[%clk 0:00:07]} Re7
{[%clk 0:00:17]} 56. Rb8+ {[%clk 0:00:08]} Kg7 {[%clk 0:00:18]} 57. Rg8+
{[%clk 0:00:08]} Kh7 {[%clk 0:00:20]} 58. Rf8 {[%clk 0:00:09]} Kg7
{[%clk 0:00:21]} 59. Rg8+ {[%clk 0:00:10]} Kh7 {[%clk 0:00:22]} 60. Rg4
{[%clk 0:00:11]} Re3 {[%clk 0:00:21]} 61. Be4+ {[%clk 0:00:12]} Kh8
{[%clk 0:00:21]} 62. h4 {[%clk 0:00:09]} Rh3 {[%clk 0:00:22]} 1/2-1/2

[Event "Blitz 2018"]
[Site "Saint-Petersburg"]
[Date "2018.12.30"]
[Round "18"]
[Board "43"]
[White "Potkin Vladimir (RUS)"]
[Black "Mchedlishvili Mikheil (GEO)"]
[Result "1-0"]
[LiveChessVersion "1.4.8"]
[BlackElo "2607"]
[WhiteElo "2494"]

1. c4 {[%clk 0:03:03]} e5 {[%clk 0:03:03]} 2. Nc3 {[%clk 0:03:04]} Nc6
{[%clk 0:03:03]} 3. Nf3 {[%clk 0:03:05]} f5 {[%clk 0:02:59]} 4. g3
{[%clk 0:03:05]} Nf6 {[%clk 0:02:57]} 5. d4 {[%clk 0:03:00]} e4 {[%clk 0:02:53]}
6. Nh4 {[%clk 0:03:00]} g6 {[%clk 0:02:43]} 7. Bg5 {[%clk 0:02:53]} Bg7
{[%clk 0:02:40]} 8. Qd2 {[%clk 0:02:30]} O-O {[%clk 0:02:39]} 9. Nd5
{[%clk 0:02:26]} Ne7 {[%clk 0:02:27]} 10. Nxf6+ {[%clk 0:02:01]} Bxf6
{[%clk 0:02:28]} 11. Bxf6 {[%clk 0:02:01]} Rxf6 {[%clk 0:02:29]} 12. d5
{[%clk 0:02:01]} d6 {[%clk 0:02:19]} 13. Ng2 {[%clk 0:02:02]} Bd7
{[%clk 0:01:54]} 14. h4 {[%clk 0:01:55]} c6 {[%clk 0:01:30]} 15. h5
{[%clk 0:01:48]} cxd5 {[%clk 0:01:25]} 16. hxg6 {[%clk 0:01:42]} Nxg6
{[%clk 0:01:16]} 17. e3 {[%clk 0:00:39]} Rf7 {[%clk 0:01:04]} 18. O-O-O
{[%clk 0:00:34]} Be6 {[%clk 0:00:51]} 19. cxd5 {[%clk 0:00:31]} Bd7
{[%clk 0:00:52]} 20. Kb1 {[%clk 0:00:32]} Rc8 {[%clk 0:00:54]} 21. Be2
{[%clk 0:00:27]} Qf6 {[%clk 0:00:50]} 22. Bh5 {[%clk 0:00:26]} Bb5
{[%clk 0:00:37]} 23. Nf4 {[%clk 0:00:26]} Rfc7 {[%clk 0:00:19]} 24. Bxg6
{[%clk 0:00:26]} hxg6 {[%clk 0:00:20]} 25. Rh6 {[%clk 0:00:26]} Be8
{[%clk 0:00:21]} 26. Rdh1 {[%clk 0:00:25]} Rc2 {[%clk 0:00:14]} 27. Qb4 Bf7 28.
Qxb7 {[%clk 0:00:07]} R2c7 {[%clk 0:00:09]} 29. Qb4 {[%clk 0:00:08]} Rc2
{[%clk 0:00:09]} 30. a3 {[%clk 0:00:07]} a5 {[%clk 0:00:10]} 31. Rh8+
{[%clk 0:00:07]} Qxh8 {[%clk 0:00:10]} 32. Rxh8+ {[%clk 0:00:08]} Kxh8
{[%clk 0:00:11]} 33. Qxd6 {[%clk 0:00:10]} Kg7 {[%clk 0:00:03]} 34. Qe5+
{[%clk 0:00:11]} Kg8 {[%clk 0:00:05]} 35. Ne6 {[%clk 0:00:06]} Bxe6
{[%clk 0:00:06]} 36. Qxe6+ Kg7 37. Qe7+ {[%clk 0:00:07]} Kh6 {[%clk 0:00:09]} 38.
Qh4+ {[%clk 0:00:06]} Kg7 {[%clk 0:00:10]} 39. g4 {[%clk 0:00:05]} Rc1+
{[%clk 0:00:10]} 40. Ka2 {[%clk 0:00:06]} fxg4 {[%clk 0:00:07]} 41. Qe7+
{[%clk 0:00:06]} Kh6 {[%clk 0:00:08]} 42. Qh4+ {[%clk 0:00:06]} Kg7
{[%clk 0:00:10]} 43. Qe7+ {[%clk 0:00:07]} Kh6 {[%clk 0:00:11]} 44. Qxe4
{[%clk 0:00:08]} Rd1 {[%clk 0:00:11]} 45. Qxg4 {[%clk 0:00:09]} Rcc1
{[%clk 0:00:12]} 46. Qh4+ {[%clk 0:00:09]} Kg7 {[%clk 0:00:14]} 47. Qe7+
{[%clk 0:00:10]} Kh6 {[%clk 0:00:15]} 48. Qh4+ {[%clk 0:00:08]} Kg7
{[%clk 0:00:17]} 49. Qe7+ {[%clk 0:00:07]} Kh6 {[%clk 0:00:18]} 50. Qf8+
{[%clk 0:00:08]} Kh5 {[%clk 0:00:18]} 51. Kb3 Rxd5 {[%clk 0:00:16]} 52. Qf3+
{[%clk 0:00:07]} 1-0